000 00608nam a22001937a 4500
942 _cBK
999 _c744
_d744
005 20250420134823.0
008 211114b ||||| |||| 00| 0 eng d
020 _a9789811210518
040 _cKCST
082 _a539.725
_bTr Su
100 _aRausch de Traubenberg, Michel
_95506
245 _a A supergravity primer :
_bfrom geometrical principles to the final Lagrangian /
_cMichel Rausch de Traubenberg; Mauricio Valenzuela
260 _aNew Jersey:
_bWorld Scientific;
_c2020.
300 _ap.
650 _aSupergravity.
_95507
700 _aValenzuela, Mauricio
_95508
942 _2ddc